000 004600000a22001810004500
003 MACL
005 20151021101445.0
008 151021b xxu||||| |||| 00| 0 eng d
040 _aMACL
_cMACL
041 _aEnglish
082 _a954/SAR
100 _aSarkar, Sumit
_9394
245 _aThe Swadeshi Movement in Bengal
_b1903-1908
260 _bPeople's Publishing House
_c1994
_aNew Delhi
350 _a225
650 _aHistory
_916016
942 _cBK
_k954
_2ddc
999 _c2699
_d2699